Best Selling Eighth Generation Video Game Exclusives - Statistics

General Stats
  • This quiz has been taken 31 times
  • The average score is 4 of 10
Answer Stats
Console Answer % Correct
XBOX ONE Halo 5: Guardians
61%
Wii U Mario Kart 8
57%
PS4 The Last Of Us Remastered
57%
PS4 Uncharted: The Nathan Drake Collection
57%
Wii U Super Smash Bros. For Wii U
52%
Wii U New Super Mario Bros U
43%
Wii U Nintendo Land
26%
Wii U Super Mario 3D World
26%
XBOX ONE Halo: The Master Chief Collection
22%
Wii U Splatoon
22%
No matching quizzes found
Score Distribution
Percent of People with Each Score
Percentile by Number Answered
Your Score History
You have not taken this quiz